Vybrané kapitoly o struktuře a funkci nervového a pohybového systému /

Hlavní autor: Zach, Petr, 1968-
Korporativní autor: Lidové noviny (nakladatelství)
Další autoři: Musil, Zdeněk, Moravec, Tomáš, Jihočeská univerzita. Zdravotně sociální fakulta
Jazyk: Čeština
Vydáno: Praha : NLN, 2025
Vydání: Vydání první
Témata:
Fyzický popis: 73 stran : ilustrace (převážně barevné) ; 21 cm
Knihy
Uloženo v:
LEADER 02354nam a2200613 i 4500
001 nkc20253704936
003 CZ PrNK
005 20260413101619.0
007 ta
008 250820s2025 xr a e p 001 0 cze
015 |a cnb003704936 
020 |a 978-80-7422-565-9  |q (NLN ;  |q brožováno) 
040 |a ABA001  |b cze  |d BOA001  |e rda 
072 7 |a 612  |x Fyziologie člověka a srovnávací fyziologie  |2 Konspekt  |9 14 
072 7 |a 37.016  |x Učební osnovy. Vyučovací předměty. Učebnice  |2 Konspekt  |9 22 
080 |a 612.8  |2 MRF 
080 |a 616.8  |2 MRF 
080 |a 611.8  |2 MRF 
080 |a 612.76  |2 MRF 
080 |a 159.93  |2 MRF 
080 |a 612.821.8  |2 MRF 
080 |a (075.8)  |2 MRF 
100 1 |a Zach, Petr,  |d 1968-  |7 xx0071037  |4 aut 
245 1 0 |a Vybrané kapitoly o struktuře a funkci nervového a pohybového systému /  |c Petr Zach, Zdeněk Musil, Tomáš Moravec 
250 |a Vydání první 
264 1 |a Praha :  |b NLN,  |c 2025 
300 |a 73 stran :  |b ilustrace (převážně barevné) ;  |c 21 cm 
336 |a text  |b txt  |2 rdacontent 
337 |a bez média  |b n  |2 rdamedia 
338 |a svazek  |b nc  |2 rdacarrier 
500 |a Pod názvem: Zdravotně sociální fakulta, Jihočeská univerzita v Českých Budějovicích 
504 |a Obsahuje bibliografii a rejstřík 
650 0 7 |a nervový systém  |7 ph123243  |2 czenas 
650 0 7 |a neurofyziologie  |7 ph123257  |2 czenas 
650 0 7 |a neuroanatomie  |7 ph136945  |2 czenas 
650 0 7 |a motorické schopnosti  |7 ph134912  |2 czenas 
650 0 7 |a smyslové vnímání  |7 ph116195  |2 czenas 
650 0 9 |a nervous system  |2 eczenas 
650 0 9 |a neurophysiology  |2 eczenas 
650 0 9 |a neuroanatomy  |2 eczenas 
650 0 9 |a motor abilities  |2 eczenas 
650 0 9 |a senses and sensation  |2 eczenas 
655 7 |a učebnice vysokých škol  |7 fd133772  |2 czenas 
655 9 |a textbooks (higher)  |2 eczenas 
700 1 |a Musil, Zdeněk  |7 xx0107856  |4 aut 
700 1 |a Moravec, Tomáš  |7 xx0301377  |4 aut 
710 2 |a Lidové noviny (nakladatelství)  |7 ko2003165011  |4 pbl 
710 2 |a Jihočeská univerzita.  |b Zdravotně sociální fakulta  |7 kn20010710225  |4 isb 
910 2 |a BOA001  |b 2-1549.953 
928 9 |a Nakladatelství Lidové noviny 
990 |a BK 
995 |a 01 
991 |b 202510  |c NOV 
996 6 |b 2611015454  |c 2-1549.953  |l MZK  |r Sklad / do 1 hodiny  |n 0  |p p.v.  |w 002021469  |u 000010  |a 1  |e BOA001  |j MZK50  |s P